[Event "Olympiad Women-44"]
[Site "Chennai"]
[Date "2022.07.31"]
[Round "3.1"]
[White "Zhang, Jasmine Haomo"]
[Black "La Fleur, Zara"]
[Result "1-0"]
[WhiteElo "1972"]
[BlackElo "1513"]
[PlyCount "167"]
[EventDate "2022.07.29"]
[EventType "team-swiss"]
[EventRounds "11"]
[EventCountry "IND"]
[SourceTitle "CBM 210"]
[Source "ChessBase"]
[SourceDate "2022.10.31"]
[SourceVersion "1"]
[SourceVersionDate "2022.10.31"]
[SourceQuality "1"]
[WhiteTeam "New Zealand (W)"]
[BlackTeam "Trinidad and Tobago (W)"]
[WhiteTeamCountry "NZL"]
[BlackTeamCountry "TRI"]

1. d4 d5 2. Bf4 Nf6 3. e3 c5 4. Nf3 Qb6 5. Nc3 a6 6. Rb1 Nc6 7. Be2 g6 8. 0-0 cxd4 9. exd4 Bg7 10. Be5 e6 11. Kh1 0-0 12. Na4 Qa5 13. c3 Ne4 14. b4 Qd8 15. Bxg7 Kxg7 16. Nd2 Nd6 17. Bf3 Qc7 18. Re1 Bd7 19. Nc5 Nb5 20. Qc1 b6 21. Ncb3 Rac8 22. a4 Nd6 23. Ra1 Ne7 24. Nb1 Nc4 25. a5 Bb5 26. axb6 Qxb6 27. Nc5 Rfe8 28. Re2 Nf5 29. Rea2 Ra8 30. g3 Nfd6 31. h4 Nb7 32. Nd2 Nxc5 33. bxc5 Qd8 34. Be2 Nxd2 35. Qxd2 Bxe2 36. Qxe2 a5 37. Qb5 Qf6 38. Kg2 Reb8 39. Qc6 Qf5 40. Qc7 h5 41. c6 Qe4+ 42. Kh2 Qf3 43. Qe5+ Kg8 44. c7 Rc8 45. Rb1 Qxc3 46. Rb8 Kh7 47. Rab2 a4 48. Kg2 a3 49. Rxa8 Qxc7 50. Qxc7 Rxc7 51. Rxa3 Kg7 52. Kf3 Kf6 53. Ke3 e5 54. dxe5+ Kxe5 55. Kd3 Rc6 56. Rc2 Rf6 57. Re2+ Kf5 58. Kd4 Kg4 59. Kxd5 Kh3 60. Rae3 Rf5+ 61. Kd6 Rf6+ 62. Ke7 Rf5 63. Kf8 Rf6 64. Kg7 Rf5 65. Re7 g5 66. hxg5 Rxg5+ 67. Kxf7 Rf5+ 68. Kg6 Rf3 69. Kxh5 Rf5+ 70. Kg6 Rf3 71. Rf7 Ra3 72. Re4 Ra2 73. g4 Ra6+ 74. Rf6 Ra2 75. g5 Kg2 76. Kg7 Ra5 77. g6 Rg5 78. f3 Kg3 79. Rg4+ Rxg4 80. fxg4 Kxg4 81. Kf7 Kg5 82. g7 Kh5 83. g8Q Kh4 84. Rh6# 1-0

[Event "Las Americas Team op U2400 Hybrid"]
[Site "Internet"]
[Date "2022.05.14"]
[Round "4.10"]
[White "Dolores Rodriguez, Cristian Yael"]
[Black "La Fleur, Zara"]
[Result "1-0"]
[WhiteElo "1498"]
[BlackElo "1509"]
[PlyCount "59"]
[EventDate "2022.05.14"]
[EventType "team-swiss"]
[EventRounds "5"]
[EventCountry "VEN"]
[SourceTitle "EXT 2023"]
[Source "ChessBase"]
[SourceDate "2022.10.05"]
[SourceVersion "1"]
[SourceVersionDate "2022.10.05"]
[SourceQuality "1"]

1. d4 d5 2. c4 c6 3. cxd5 cxd5 4. Bf4 Nf6 5. e3 e6 6. Nc3 Bd6 7. Bxd6 Qxd6 8. Bd3 Nc6 9. f4 0-0 10. Nf3 a6 11. 0-0 b5 12. Rc1 Bb7 13. Ne5 Na5 14. b3 Rac8 15. f5 h6 16. Qf3 Nc6 17. fxe6 Nxe5 18. dxe5 Qxe5 19. exf7+ Rxf7 20. Ne2 Rxc1 21. Rxc1 d4 22. exd4 Qe7 23. Qg3 Ne4 24. Qe5 Qh4 25. Qe8+ Rf8 26. Qe6+ Kh7 27. Ng3 Qf4 28. Bxe4+ Kh8 29. Rd1 Bc8 30. Qg6 1-0

[Event "Las Americas Team op U2400 Hybrid"]
[Site "Internet"]
[Date "2022.05.14"]
[Round "3.10"]
[White "La Fleur, Zara"]
[Black "Tayro Chihuantito, Luis Gabriel"]
[Result "0-1"]
[WhiteElo "1509"]
[BlackElo "1522"]
[PlyCount "74"]
[EventDate "2022.05.14"]
[EventType "team-swiss"]
[EventRounds "5"]
[EventCountry "VEN"]
[SourceTitle "EXT 2023"]
[Source "ChessBase"]
[SourceDate "2022.10.05"]
[SourceVersion "1"]
[SourceVersionDate "2022.10.05"]
[SourceQuality "1"]

1. e4 c5 2. Nf3 d6 3. d4 cxd4 4. Nxd4 Nf6 5. Nc3 a6 6. Be3 e5 7. Nb3 Be6 8. f3 Nbd7 9. Be2 Be7 10. 0-0 0-0 11. a4 Qc7 12. a5 b6 13. axb6 Nxb6 14. Bxa6 d5 15. exd5 Nbxd5 16. Nxd5 Nxd5 17. Bf2 Rfd8 18. Bd3 Rxa1 19. Qxa1 Nb4 20. Nc1 Nxc2 21. Qb1 Nb4 22. Bxh7+ Kh8 23. Be4 Rd2 24. Nd3 Bc4 25. Rc1 Nxd3 26. Rc2 Rxc2 27. Qxc2 Nxf2 28. Kxf2 Qc5+ 29. Kg3 g6 30. b3 Bb5 31. Qa2 Kg7 32. Qd2 f5 33. Bc2 f4+ 34. Kh3 Qc8+ 35. g4 Bf1+ 36. Qg2 Bxg2+ 37. Kxg2 Qxc2+ 0-1

[Event "Paladins Ken Philips op"]
[Site "Port of Spain"]
[Date "2021.10.30"]
[Round "3"]
[White "Munroe Brown, Brad"]
[Black "La Fleur, Zara"]
[Result "0-1"]
[WhiteElo "1194"]
[BlackElo "1457"]
[PlyCount "84"]
[EventDate "2021.10.30"]
[EventType "swiss"]
[EventRounds "6"]
[EventCountry "TRI"]
[SourceTitle "EXT 2023"]
[Source "ChessBase"]
[SourceDate "2022.10.05"]
[SourceVersion "1"]
[SourceVersionDate "2022.10.05"]
[SourceQuality "1"]

1. e4 e5 2. Nf3 Nc6 3. Bc4 Bc5 4. Nc3 Nf6 5. d3 d6 6. Be3 Bxe3 7. fxe3 0-0 8. 0-0 Ne7 9. Nh4 c6 10. Nf5 Nxf5 11. exf5 d5 12. Bb3 d4 13. Ne4 dxe3 14. Qe2 Nxe4 15. dxe4 Qd4 16. Qf3 e2+ 17. Rf2 Qxb2 18. Re1 b5 19. Qe3 Qd4 20. Qxd4 exd4 21. Rfxe2 a5 22. a4 Ba6 23. Rd2 c5 24. c3 dxc3 25. Rc2 c4 26. axb5 cxb3 27. Rxc3 Bxb5 28. Rxb3 Bc6 29. Rc3 Ra6 30. Kf2 a4 31. Rec1 Bxe4 32. g4 a3 33. Ke3 a2 34. Ra1 Re8 35. Kf4 Ra4 36. Kg3 Rea8 37. Kh4 h6 38. Kh5 Bxf5 39. gxf5 R8a5 40. Rf3 Kh7 41. Rg1 g6+ 42. Rxg6 fxg6# 0-1

[Event "Pan American-ch Hybrid U16 Girls 31st"]
[Site "Tornelo INT"]
[Date "2021.09.04"]
[Round "3"]
[White "La Fleur, Zara"]
[Black "Lovell, Alesha"]
[Result "1-0"]
[WhiteElo "1569"]
[BlackElo "1127"]
[PlyCount "77"]
[EventDate "2021.09.04"]
[EventType "swiss"]
[EventRounds "9"]
[EventCountry "NET"]
[SourceTitle "EXT 2023"]
[Source "ChessBase"]
[SourceDate "2022.10.05"]
[SourceVersion "1"]
[SourceVersionDate "2022.10.05"]
[SourceQuality "1"]

1. e4 e5 2. Nf3 d6 3. Bc4 Be7 4. 0-0 Nf6 5. d3 0-0 6. c3 Nc6 7. Nbd2 d5 8. exd5 Nxd5 9. Re1 Bf6 10. Ne4 Be6 11. b4 a6 12. a4 Re8 13. Qb3 Nf4 14. Nc5 Bxc4 15. Qxc4 Qc8 16. Bxf4 exf4 17. Rxe8+ Qxe8 18. Nxb7 h6 19. Re1 Qd7 20. Nc5 Qd6 21. Ne4 Ne5 22. Nxd6 Nxc4 23. Nxc4 Bxc3 24. Re7 Bxb4 25. Rxc7 Rd8 26. Nfe5 Bc3 27. h3 f6 28. Rd7 Rc8 29. Ng6 Rb8 30. Nxf4 Kf8 31. Ne6+ Ke8 32. Rxg7 Rb1+ 33. Kh2 Bb4 34. Nc7+ Kf8 35. Rd7 a5 36. Nd5 Bc5 37. Nxf6 Bxf2 38. Ne5 Bg1+ 39. Kg3 1-0

[Event "Pan American-ch Hybrid U16 Girls 31st"]
[Site "Tornelo INT"]
[Date "2021.09.04"]
[Round "9"]
[White "Sanchez Bobadilla, Valeria Belen"]
[Black "La Fleur, Zara"]
[Result "1/2-1/2"]
[WhiteElo "1457"]
[BlackElo "1569"]
[PlyCount "81"]
[EventDate "2021.09.04"]
[EventType "swiss"]
[EventRounds "9"]
[EventCountry "NET"]
[SourceTitle "EXT 2023"]
[Source "ChessBase"]
[SourceDate "2022.10.05"]
[SourceVersion "1"]
[SourceVersionDate "2022.10.05"]
[SourceQuality "1"]

1. e4 e5 2. Nf3 Nc6 3. Bc4 Bc5 4. d3 Nf6 5. Nc3 d6 6. h3 0-0 7. Bg5 Be6 8. Nd5 Bxd5 9. Bxd5 h6 10. Bh4 Qe7 11. Qe2 Nd8 12. g4 c6 13. Bb3 Ne6 14. Bxe6 fxe6 15. g5 hxg5 16. Nxg5 Nh7 17. 0-0-0 Rf4 18. Qh5 Rxh4 19. Qxh4 Qxg5+ 20. Qxg5 Nxg5 21. h4 Nf3 22. Rh3 Rf8 23. Rf1 Rf4 24. h5 Kh7 25. Kd1 Nd4 26. c3 Nb5 27. a4 Nc7 28. d4 Bb6 29. dxe5 dxe5 30. f3 Ne8 31. Ke2 Nf6 32. Rd1 Bc7 33. Rg3 Rh4 34. b4 Rxh5 35. c4 Kg8 36. Rg6 Kf7 37. Rxf6+ Kxf6 38. Rd7 Bb8 39. Rxb7 Rh8 40. c5 Rc8 41. Kd3 1/2-1/2

[Event "Pan American-ch Hybrid U16 Girls 31st"]
[Site "Tornelo INT"]
[Date "2021.09.04"]
[Round "1"]
[White "Tacas Cardenas, Andrea Ximena"]
[Black "La Fleur, Zara"]
[Result "1-0"]
[WhiteElo "1126"]
[BlackElo "1569"]
[PlyCount "107"]
[EventDate "2021.09.04"]
[EventType "swiss"]
[EventRounds "9"]
[EventCountry "NET"]
[SourceTitle "EXT 2023"]
[Source "ChessBase"]
[SourceDate "2022.10.05"]
[SourceVersion "1"]
[SourceVersionDate "2022.10.05"]
[SourceQuality "1"]

1. d4 d5 2. c4 c6 3. Nc3 Nf6 4. Nf3 dxc4 5. a4 Bf5 6. Bf4 e6 7. e3 a5 8. Bxc4 Be7 9. h3 h6 10. 0-0 0-0 11. Qb3 Qc8 12. Rad1 Na6 13. Nd2 Nb4 14. e4 Bg6 15. Rfe1 Rd8 16. Nf3 Bf8 17. Ne5 Bh7 18. Rd2 Re8 19. f3 Nd7 20. d5 exd5 21. exd5 Nxe5 22. Bxe5 Bc5+ 23. Kh1 Bd6 24. f4 Bxe5 25. fxe5 Bg6 26. d6 Qd8 27. e6 fxe6 28. Bxe6+ Kh8 29. Ree2 Qf6 30. d7 Rf8 31. Ne4 Qe5 32. Ng3 Qc7 33. Rf2 h5 34. Nf5 Bxf5 35. Bxf5 Nd5 36. Rf3 Rf6 37. Re2 Rff8 38. Qc4 Rad8 39. Qh4 Nf6 40. Rd3 Qb6 41. Kh2 Qc5 42. Bg6 Rxd7 43. Rxd7 Nxd7 44. Bxh5 Qd6+ 45. g3 Qh6 46. Bg4 Qxh4 47. gxh4 Nc5 48. Re5 Rf2+ 49. Kg3 Rc2 50. Re8+ Kh7 51. Bf5+ g6 52. Bxc2 Nxa4 53. Bxa4 b5 54. Bc2 1-0

[Event "Wch FIDE Online U14 Girls America qual"]
[Site "Tornelo INT"]
[Date "2020.12.04"]
[Round "7"]
[White "La Fleur, Zara"]
[Black "Roepke, Sofia"]
[Result "0-1"]
[WhiteElo "1299"]
[BlackElo "1273"]
[PlyCount "164"]
[EventDate "2020.12.01"]
[EventType "swiss (rapid)"]
[EventRounds "7"]
[EventCountry "ISS"]
[SourceTitle "EXT 2022"]
[Source "ChessBase"]
[SourceDate "2021.10.06"]
[SourceVersion "1"]
[SourceVersionDate "2021.10.06"]
[SourceQuality "1"]

1. e4 e5 2. Nf3 Nf6 3. Nxe5 d6 4. Nf3 Nxe4 5. Nc3 Nxc3 6. dxc3 Be7 7. Be3 Nc6 8. Qd2 Be6 9. 0-0-0 Qd7 10. Bb5 a6 11. Bd3 Bf6 12. Kb1 0-0-0 13. Rhe1 Kb8 14. h3 h6 15. Nd4 Nxd4 16. cxd4 Qa4 17. b3 Qd7 18. Qb4 Kc8 19. g4 d5 20. f4 Qd6 21. Qa5 h5 22. g5 Be7 23. f5 Bd7 24. Qd2 Qa3 25. Qf2 Rhe8 26. Bc1 Qb4 27. Bb2 Bxg5 28. Rg1 Bf6 29. Be2 h4 30. Bf3 Bb5 31. Bg4 Kb8 32. Rge1 Rxe1 33. Rxe1 Re8 34. Rxe8+ Bxe8 35. Qe2 Qe7 36. Qxe7 Bxe7 37. Kc1 Bg5+ 38. Kd1 c6 39. Ba3 Kc7 40. Ke2 b6 41. Bf8 g6 42. Bg7 Bd7 43. fxg6 Bxg4+ 44. hxg4 fxg6 45. Be5+ Kd7 46. Kf3 c5 47. dxc5 bxc5 48. Bf4 Bxf4 49. Kxf4 g5+ 50. Kf3 Kc6 51. c3 d4 52. cxd4 cxd4 53. a3 a5 54. Ke2 Kc5 55. Kf3 d3 56. Ke3 h3 57. Kxd3 h2 58. Ke4 h1Q+ 59. Kf5 Qc1 60. Kg6 Kd4 61. Kh5 Kc3 62. Kg6 Kxb3 63. Kf5 Kxa3 64. Kf6 Kb3 65. Kg6 Qf4 66. Kh5 Qxg4+ 67. Kxg4 a4 68. Kxg5 a3 69. Kf5 a2 70. Ke5 a1Q+ 71. Kd6 Qa5 72. Ke6 Kc4 73. Kf6 Kd4 74. Kg6 Ke4 75. Kh6 Kf4 76. Kg6 Qg5+ 77. Kf7 Kf5 78. Ke8 Qg7 79. Kd8 Ke6 80. Kc8 Kd6 81. Kb8 Kc6 82. Ka8 Qb7# 0-1

[Event "Fide Inter Con Cup U18"]
[Site "Tornelo INT"]
[Date "2020.10.10"]
[Round "3"]
[White "La Fleur, Zara"]
[Black "Divya, Deshmukh"]
[Result "0-1"]
[WhiteElo "1507"]
[BlackElo "2305"]
[PlyCount "112"]
[EventDate "2020.10.10"]
[EventType "swiss (rapid)"]
[EventRounds "6"]
[EventCountry "NET"]
[SourceTitle "EXT 2022"]
[Source "ChessBase"]
[SourceDate "2021.10.06"]
[SourceVersion "1"]
[SourceVersionDate "2021.10.06"]
[SourceQuality "1"]

1. e4 c5 2. Nf3 d6 3. d4 cxd4 4. Nxd4 Nf6 5. Nc3 Nc6 6. Be3 e5 7. Nb3 Be6 8. Be2 Be7 9. f3 Rc8 10. Qd2 0-0 11. 0-0 a5 12. Nd5 Bxd5 13. exd5 Nb4 14. c4 b6 15. a3 Na6 16. Rac1 Nd7 17. Kh1 a4 18. Na1 Ndc5 19. Bd1 Qd7 20. b4 axb3 21. Nxb3 Ra8 22. Nxc5 Nxc5 23. Bxc5 bxc5 24. Qc3 f5 25. Bc2 Bg5 26. Rb1 Qf7 27. Rb6 Qf6 28. Rfb1 Qh6 29. a4 Bf4 30. h3 Qg6 31. Qe1 Rfe8 32. Qf2 Bg3 33. Qe2 e4 34. fxe4 fxe4 35. Rf1 Qg5 36. Rb7 Bf4 37. Qf2 e3 38. Qxf4 Qxf4 39. Rxf4 e2 40. Rf3 e1Q+ 41. Kh2 Rab8 42. Ra7 Rb2 43. Rff7 Qe5+ 44. Kg1 Rxc2 45. Rxg7+ Qxg7 46. Rxg7+ Kxg7 47. h4 Rxc4 48. h5 Rxa4 49. Kh2 c4 50. g4 c3 51. g5 c2 52. h6+ Kg6 53. Kg3 c1Q 54. Kf3 Qe3+ 55. Kg2 Ra2+ 56. Kf1 Qe1# 0-1

[Event "Fide Inter Con Cup U18"]
[Site "Tornelo INT"]
[Date "2020.10.10"]
[Round "4"]
[White "Nur Mukhametova, Alisa"]
[Black "La Fleur, Zara"]
[Result "1-0"]
[WhiteElo "2018"]
[BlackElo "1507"]
[PlyCount "125"]
[EventDate "2020.10.10"]
[EventType "swiss (rapid)"]
[EventRounds "6"]
[EventCountry "NET"]
[SourceTitle "EXT 2022"]
[Source "ChessBase"]
[SourceDate "2021.10.06"]
[SourceVersion "1"]
[SourceVersionDate "2021.10.06"]
[SourceQuality "1"]

1. e4 e5 2. Nf3 Nc6 3. Bb5 Bc5 4. 0-0 Nf6 5. Re1 d6 6. c3 0-0 7. d4 exd4 8. cxd4 Bb6 9. h3 a6 10. Bxc6 bxc6 11. Nc3 h6 12. Bf4 Re8 13. Qc2 Rb8 14. Bh2 Ba5 15. Rac1 Bb7 16. a3 Qe7 17. b4 Bb6 18. e5 dxe5 19. dxe5 Nd5 20. Ne4 Rbd8 21. Nc5 Bxc5 22. Qxc5 Qd7 23. Red1 Qc8 24. Bg3 Nb6 25. Nd4 Rd5 26. Qc2 Red8 27. Nb3 Qe6 28. Nc5 Rxd1+ 29. Rxd1 Rxd1+ 30. Qxd1 Qc8 31. e6 fxe6 32. Qg4 Ba8 33. Be5 Qf8 34. Nxe6 Qe7 35. Bxg7 Qd7 36. Bxh6+ Kf7 37. Qf5+ Ke7 38. Bf8+ Ke8 39. Bc5 Qf7 40. Qxf7+ Kxf7 41. Nxc7 Nc4 42. Nxa8 Nxa3 43. Nc7 Nc2 44. Nxa6 Ne1 45. Nb8 Nd3 46. Nxc6 Ke6 47. h4 Nf4 48. g3 Ng6 49. h5 Nh8 50. Nd8+ Kf6 51. Bd4+ Ke7 52. Bxh8 Kxd8 53. h6 Kc7 54. h7 Kc6 55. Bf6 Kb5 56. h8Q Ka4 57. Qc8 Ka3 58. b5 Ka4 59. b6 Ka5 60. b7 Ka6 61. b8Q+ Ka5 62. Bc3+ Ka4 63. Qa6# 1-0

[Event "Central America Carribean-ch U20"]
[Site "Couva"]
[Date "2019.12.17"]
[Round "8"]
[White "La Fleur, Zara"]
[Black "Ferreira Araujo, Aldair Antonio"]
[Result "1/2-1/2"]
[WhiteElo "1541"]
[BlackElo "1698"]
[PlyCount "81"]
[EventDate "2019.12.13"]
[EventType "swiss"]
[EventRounds "9"]
[EventCountry "TRI"]
[SourceTitle "CBM 193 Extra"]
[Source "ChessBase"]
[SourceDate "2020.01.31"]
[SourceVersion "1"]
[SourceVersionDate "2020.01.31"]
[SourceQuality "1"]

1. e4 e5 2. Nf3 Nc6 3. Bc4 Nf6 4. d3 Be7 5. 0-0 d6 6. c3 a6 7. Be3 0-0 8. Nbd2 Na5 9. Bb3 Nxb3 10. Qxb3 Ng4 11. Rae1 b5 12. d4 Bf6 13. h3 Nxe3 14. Rxe3 g6 15. Rd1 Qe7 16. Nf1 Be6 17. d5 Bd7 18. Ng3 Bg7 19. Qc2 f5 20. exf5 gxf5 21. Ree1 f4 22. Ne4 Bf5 23. Qe2 h6 24. Ned2 Qf7 25. Ne4 Bf6 26. Kh2 Kh8 27. Rg1 Rg8 28. g4 fxg3+ 29. Nxg3 Bd7 30. Qe3 Bg5 31. Nxg5 hxg5 32. Ne4 Qf4+ 33. Qxf4 gxf4 34. Rxg8+ Rxg8 35. Nf6 Rg7 36. Nxd7 Rxd7 37. Rg1 Rg7 38. Rxg7 Kxg7 39. f3 a5 40. b3 b4 41. c4 1/2-1/2